000 01148 a2200241 4500
001 42643
005 20260407155714.0
008 260407a2012 arg spa d
003 AR-UNSa-BCEJYS
040 _aAR-UNSa-BCEJYS
_bspa
_cAR-UNSa-BCEJYS
080 _a316.7
_xSociología de la cultura. contexto cultural de la vida social (posmodernidad)
245 1 0 _aRescate de saberes ancestrales en comunidades etnográficas y criollas de la provincia de Salta
020 _a978-987-510-192-0
264 1 _aBuenos Aires :
_bCFI (Consejo Federal de Inversiones)
_c2012
300 _a226 p.
_c30 cm.
505 _a1. Introducción - 2. Caracterización de las comunidades etnográficas - 3. Análisis del contexto en las regiones geográficas de asentamiento - 4. Organización del trabajo de campo - 5. Tareas de rescate de saberes ancestrales - 6. Tareas de recuperación
041 _aspa
942 _cBK
590 _aniveau_biblio:m niveau_hierar:0
100 1 _aBurgos, Mariela Ondina
700 1 _aConsejo Federal de Inversiones (CFI)
856 4 1 _uhttps://biblioeco.unsa.edu.ar/pmb/images/libros/L126585.jpg
_yImagen de portada
_qimage/jpeg
999 _c3634
_d3634